| 000 | 00482nam a2200205Ia 4500 | ||
|---|---|---|---|
| 003 | 0100 | ||
| 008 | 130227s9999 xx 000 0 und d | ||
| 020 | _a9780860124559 | ||
| 040 | _cARRUPELIB | ||
| 050 | _aBX945.2.T167 2011 | ||
| 100 | _aTanner, Norman | ||
| 245 | _aNew short history of the Catholic Church | ||
| 260 | _aLondon | ||
| 260 | _bBurns & Oates | ||
| 260 | _C2011 | ||
| 300 | _axv | ||
| 300 | _b 260p 22cm | ||
| 650 | _bHistory- Philosophy | ||
| 942 |
_2lcc _01 |
||
| 999 |
_c5785 _d5785 |
||